El viajero subterraneo: un etnólogo en el metro

Wedi'i Gadw mewn:
Manylion Llyfryddiaeth
Prif Awdur: Augé, Marc (Awdur)
Fformat: Llyfr
Iaith:Sbaeneg
Cyhoeddwyd: Buenos Aires Gedisa 1987
Cyfres:Colección El Mamifero Parlante. Serie Mayor
Pynciau:
Tagiau: Ychwanegu Tag
Dim Tagiau, Byddwch y cyntaf i dagio'r cofnod hwn!

MARC

LEADER 00000nam a2200000 a 4500
001 UCZ2798
003 CL-VaPUC
008 951013e19870000AG |||||||||||||||||spa|d
082 0 4 |a 305.8  |b AUG  |2 21 
100 0 |a Augé, Marc  |e author  |9 346552 
245 1 3 |a El viajero subterraneo: un etnólogo en el metro 
300 |a 117 p 
942 |c BK 
945 |d 19951013 00:00:00  |a rbrito 
260 |a Buenos Aires  |b Gedisa  |c 1987 
650 0 |a Antropología   |9 233030 
650 7 |a METRO  |2 CL-VaPUC  |9 346553 
650 7 |a BIOLOGIA HUMANA  |2 CL-VaPUC  |9 269547 
650 0 |a Ciencias de la vida  |9 314137 
650 0 |a Etnografía   |9 309735 
650 0 |a Antropología cultural y social   |9 265143 
650 0 |a Sociología   |9 255410 
650 7 |a ETNOPSICOLOGIA  |2 CL-VaPUC  |9 309927 
583 |a last modification  |c 19951013 00:00:00  |k Rodrigo Vera 
490 0 |a Colección El Mamifero Parlante. Serie Mayor 
999 |c 239352  |d 239350 
952 |0 0  |1 0  |4 0  |6 305_800000000000000_AUG_1987  |7 0  |8 A  |9 250433  |a BIBEDU  |b BIBEDU  |d 2019-11-18  |i 3140067  |o 305.8 AUG 1987  |p 3140067  |r 2019-11-18  |w 2019-11-18  |y BK  |k EDU